Teoría axiomatica de conjuntos (Registro nro. 8194)
[ vista simple ]
| 000 -LEADER | |
|---|---|
| fixed length control field | 00920 a2200217 4500 |
| 001 - CONTROL NUMBER | |
| control field | 63502 |
| 005 - DATE AND TIME OF LATEST TRANSACTION | |
| control field | 20260407155932.0 |
| 008 - FIXED-LENGTH DATA ELEMENTS--GENERAL INFORMATION | |
| fixed length control field | 260407a1968 arg spa d |
| 003 - CONTROL NUMBER IDENTIFIER | |
| control field | AR-UNSa-BCEJYS |
| 040 ## - CATALOGING SOURCE | |
| Original cataloging agency | AR-UNSa-BCEJYS |
| Language of cataloging | spa |
| Transcribing agency | AR-UNSa-BCEJYS |
| 080 ## - UNIVERSAL DECIMAL CLASSIFICATION NUMBER | |
| Universal Decimal Classification number | 510.22 |
| Common auxiliary subdivision | Teoría de conjuntos. Aproximación a la teoría de conjuntos |
| 041 ## - LANGUAGE CODE | |
| Language code of text/sound track or separate title | spa |
| 100 1# - MAIN ENTRY--PERSONAL NAME | |
| Personal name | Suppes, Patrick |
| 245 10 - TITLE STATEMENT | |
| Title | Teoría axiomatica de conjuntos |
| 264 #1 - PRODUCTION, PUBLICATION, DISTRIBUTION, MANUFACTURE, AND COPYRIGHT NOTICE | |
| Place of production, publication, distribution, manufacture | Cali : |
| Name of producer, publisher, distributor, manufacturer | Norma |
| Date of production, publication, distribution, manufacture, or copyright notice | 1968 |
| 300 ## - PHYSICAL DESCRIPTION | |
| Extent | vii, 171 p. |
| Dimensions | 26 cm. |
| 505 ## - FORMATTED CONTENTS NOTE | |
| Formatted contents note | 1. Introducción - 2. Desarrollos generales - 3. Relaciones y funciones - 4. Equipotencia, conjuntos finitos y números cardinales - 5. Ordinales finitos y conjuntos enumerables - 6. Números racionales y números reales - 7. Inducción transfinita y aritmética ordinal - 8. El axioma de escogencia - |
| 590 ## - LOCAL NOTE (RLIN) | |
| Local note | niveau_biblio:m niveau_hierar:0 |
| 700 1# - ADDED ENTRY--PERSONAL NAME | |
| Personal name | Alfonso Castillo, Hernando |
| 942 ## - ADDED ENTRY ELEMENTS (KOHA) | |
| Koha item type | |
| Withdrawn status | Lost status | Damaged status | Not for loan | Home library | Current library | Shelving location | Date acquired | Total checkouts | Full call number | Barcode | Date last seen | Price effective from | Koha item type |
|---|---|---|---|---|---|---|---|---|---|---|---|---|---|
| Biblioteca Prof. Eusebio Cleto del Rey | Biblioteca Prof. Eusebio Cleto del Rey | 07/04/2026 | 510.22 S959 | L24193 | 07/04/2026 | 07/04/2026 | Libro |